Juhlapöydän konvehdit - Statistics

Yleistilastot
  • Tätä visaa on pelattu 89 kertaa
  • Keskiarvotulos 9 / 20
Vastaustilastot
Kuvavisa Vastaus % Oikein
vadelmamarmeladi
95%
minttu
94%
ananas
91%
suklaacrisp
74%
suklaatryffeli
72%
hasselpähkinä
69%
hasselpähkinä (435 g)
69%
valkoinen hasselpähkinä (800 g)
69%
zabaglione (300 g)
43%
zabaglione (435 g)
43%
pehmeä toffee
38%
toffeecreme
23%
kermatoffee (800 g)
18%
mustikkamaito (800 g)
17%
karpalo (800 g)
11%
mustikka-vanilja (435 g)
11%
appelsiinitryffeli (435 g)
8%
toffeefudge
6%
minttutoffee (435 g)
3%
rommifudge (800 g)
3%
Ehtoja vastaavia visoja ei löytynyt
Tulosjakauma
Jokaisen tuloksen saaneiden osuus
Persentiili vastausten määrän mukaan
Tuloshistoriasi
Et ole pelannut tätä visaa